| 000 | 01119nam a2200289 a 4500 | ||
|---|---|---|---|
| 999 |
_c331199 _d331199 |
||
| 003 | BLK | ||
| 005 | 20240420160659.0 | ||
| 008 | 190528b bu ||||| |||| 00| 0 bu d | ||
| 020 | _a978-954-27-2249-6 | ||
| 040 | _aBLK | ||
| 041 |
_aBUL _cBUL |
||
| 080 |
_aАнглийска литература _b821.111 _x-311.9 _z821.111-311.9 |
||
| 100 |
_aРийв, Филип _eпърви автор _91299 |
||
| 139 |
_aРийв, Филип _bР 60 |
||
| 245 |
_aХищническо злато _cФилип Рийв ; прев. от англ. ез. Коста Сивов. |
||
| 260 |
_aСофия _bЕгмонт България _c2018 _9209434 |
||
| 300 |
_a335 с. _bс ил. _c21 см |
||
| 380 | _aX | ||
| 500 | _aОриг. загл.: Predatorʼs gold / Philip Reeve. - За автора: с. 334-335. - Продълж. на Смъртоносни машини | ||
| 700 |
_aСивов, Коста Атанасов _9383724 |
||
| 852 | _aЦб 294817 | ||
| 852 |
_bП _c821-31/Р 60 Ф |
||
| 942 |
_cKNG _n0 _s1 _05 |
||
| 944 |
_aCR _k30546 _lРенета Константинова |
||
| 999 | _d331199 | ||
| 999 | _d331199 | ||